[Event "SVK-chT2A 1314"]
[Site "Slovakia"]
[Date "2014.01.11"]
[Round "5.8"]
[White "Antala, Jan"]
[Black "Faltan, Peter"]
[Result "0-1"]
[WhiteElo "1916"]
[BlackElo "1988"]
[PlyCount "128"]
[EventDate "2013.10.19"]
[EventType "team-tourn"]
[EventRounds "11"]
[EventCountry "SVK"]
[SourceTitle "EXT 2015"]
[Source "ChessBase"]
[SourceDate "2014.11.20"]
[SourceVersion "1"]
[SourceVersionDate "2014.11.20"]
[SourceQuality "1"]
[WhiteTeam "Devinska Nova Ves II"]
[BlackTeam "Krasnany"]
[WhiteTeamCountry "SVK"]
[BlackTeamCountry "SVK"]

1. e4 e5 2. Nf3 Nf6 3. Nc3 Nc6 4. d4 exd4 5. Nd5 Be7 6. Bf4 d6 7. Bb5 0-0 8. 0-0 Bg4 9. Bxc6 bxc6 10. Nxe7+ Qxe7 11. Qxd4 Qxe4 12. Rfe1 Qxd4 13. Nxd4 Bd7 14. c4 Rfe8 15. Bg5 Ne4 16. Bh4 Nc5 17. b3 f6 18. f3 Kf7 19. Rxe8 Rxe8 20. Re1 a6 21. Rxe8 Kxe8 22. Be1 Nd3 23. Bd2 c5 24. Ne2 Be6 25. Nc3 Nb4 26. Kf1 Kd7 27. Ke2 a5 28. Be1 a4 29. Nxa4 Nxa2 30. Kd2 h5 31. Nc3 Nb4 32. f4 Bf5 33. Ne2 Ke6 34. Kc3 g6 35. Nd4+ cxd4+ 36. Kxb4 Bc2 37. Ka3 Kf5 38. Kb2 Be4 39. g3 Kg4 40. b4 Kf3 41. Kc1 Ke2 42. Bd2 Kd3 43. b5 Kxc4 44. Ba5 Kxb5 45. Bxc7 Kc6 46. Bd8 f5 47. Kd2 Bb1 48. Kc1 Ba2 49. Kd2 Kd5 50. Bc7 Bc4 51. Bb8 Ke4 52. Bxd6 Kf3 53. Be5 Kg2 54. Bxd4 Kxh2 55. Bf2 Kg2 56. Ke3 Kf1 57. g4 fxg4 58. Bh4 Kg2 59. f5 gxf5 60. Kf4 Bd3 61. Be1 Kh3 62. Kg5 g3 63. Kxh5 g2 64. Bf2 Kh2 0-1

[Event "SVK-chT2A 0910"]
[Site "Slovakia"]
[Date "2009.10.11"]
[Round "2.7"]
[White "Antala, Jan"]
[Black "Kundrak, Vladimir"]
[Result "1-0"]
[WhiteElo "1982"]
[BlackElo "1936"]
[PlyCount "65"]
[EventDate "2009.10.10"]
[EventType "team-tourn"]
[EventRounds "11"]
[EventCountry "SVK"]
[SourceTitle "EXT 2011"]
[Source "ChessBase"]
[SourceDate "2010.11.26"]
[SourceVersion "1"]
[SourceVersionDate "2010.11.26"]
[SourceQuality "1"]
[WhiteTeam "Devinska Nova Ves"]
[BlackTeam "Modra II"]
[WhiteTeamCountry "SVK"]
[BlackTeamCountry "SVK"]

1. e4 c5 2. Nf3 Nc6 3. d4 cxd4 4. Bc4 g6 5. c3 d3 6. 0-0 Bg7 7. Qxd3 Nf6 8. e5 Ng4 9. Bxf7+ Kxf7 10. Qc4+ Ke8 11. Qxg4 Nxe5 12. Nxe5 Bxe5 13. Qe4 Bf6 14. c4 Qb6 15. Nc3 Qd4 16. Qe2 Qe5 17. Qf3 Qf5 18. Qe2 Qe5 19. Be3 Kf7 20. Rad1 b6 21. Qf3 Ba6 22. Bd4 Qf5 23. Qxf5 gxf5 24. Bxf6 Kxf6 25. Nd5+ Kf7 26. Rfe1 Bxc4 27. Rxe7+ Kf8 28. Rxd7 Bxa2 29. Nf6 Be6 30. Rc7 h5 31. Nh7+ Kg8 32. Ng5 Rc8 33. Nxe6 1-0

[Event "SVK-chT1W 0607"]
[Site "Slovakia"]
[Date "2007.02.11"]
[Round "9.2"]
[White "Moravcik, Rastislav"]
[Black "Antala, Jan"]
[Result "1-0"]
[WhiteElo "2095"]
[BlackElo "2019"]
[PlyCount "57"]
[EventDate "2006.10.07"]
[EventType "team-tourn"]
[EventRounds "11"]
[EventCountry "SVK"]
[SourceTitle "EXT 2008"]
[Source "ChessBase"]
[SourceDate "2007.11.25"]
[SourceVersion "1"]
[SourceVersionDate "2007.11.25"]
[SourceQuality "1"]
[WhiteTeam "Hlohovec SK Zentiva II"]
[BlackTeam "Devinska Nova Ves"]
[WhiteTeamCountry "SVK"]
[BlackTeamCountry "SVK"]

1. d4 Nf6 2. e3 e6 3. Bd3 d5 4. f4 c5 5. c3 c4 6. Bc2 Be7 7. Nf3 Nc6 8. 0-0 b5 9. Ne5 Bd7 10. a3 a5 11. Nd2 a4 12. Qf3 Na5 13. e4 Nb3 14. Rb1 Nxd2 15. Bxd2 dxe4 16. Bxe4 Nxe4 17. Qxe4 0-0 18. Rbe1 Bf6 19. Ng4 Bh4 20. g3 f5 21. Qg2 fxg4 22. gxh4 h5 23. Re5 Rf5 24. Rfe1 Ra6 25. d5 Rd6 26. dxe6 Bc6 27. e7 Qe8 28. Qxc6 Rxc6 29. Rxf5 1-0

[Event "SVK-chT1W 0607"]
[Site "Slovakia"]
[Date "2007.01.14"]
[Round "7.6"]
[White "Janos, Ivan"]
[Black "Antala, Jan"]
[Result "1-0"]
[WhiteElo "2145"]
[BlackElo "2019"]
[PlyCount "61"]
[EventDate "2006.10.07"]
[EventType "team-tourn"]
[EventRounds "11"]
[EventCountry "SVK"]
[SourceTitle "EXT 2008"]
[Source "ChessBase"]
[SourceDate "2007.11.25"]
[SourceVersion "1"]
[SourceVersionDate "2007.11.25"]
[SourceQuality "1"]
[WhiteTeam "Bratislava Slovan II"]
[BlackTeam "Devinska Nova Ves"]
[WhiteTeamCountry "SVK"]
[BlackTeamCountry "SVK"]

1. e4 e6 2. d4 d5 3. Nc3 dxe4 4. Nxe4 Bd7 5. Bd3 Bc6 6. Nf3 Nd7 7. 0-0 Ngf6 8. Qe2 Bxe4 9. Bxe4 Nxe4 10. Qxe4 c6 11. Re1 Nf6 12. Qf4 h6 13. Ne5 Bd6 14. c4 Qe7 15. a3 a5 16. Qg3 g5 17. Bd2 Nd7 18. Qc3 Bxe5 19. dxe5 Kf8 20. Rad1 Kg7 21. Qf3 Nf8 22. b4 a4 23. Be3 Nh7 24. Bc5 Qc7 25. Qe3 Rhe8 26. Rd6 Rac8 27. Red1 Rcd8 28. Qd4 Rc8 29. Rd7 Qb8 30. Bd6 c5 31. Qe4 1-0

[Event "SVK-chT1W 0607"]
[Site "Slovakia"]
[Date "2006.11.05"]
[Round "4.6"]
[White "Antala, Jan"]
[Black "Srvatka, Igor"]
[Result "0-1"]
[WhiteElo "2019"]
[BlackElo "2191"]
[PlyCount "60"]
[EventDate "2006.10.07"]
[EventType "team-tourn"]
[EventRounds "11"]
[EventCountry "SVK"]
[SourceTitle "EXT 2008"]
[Source "ChessBase"]
[SourceDate "2007.11.25"]
[SourceVersion "1"]
[SourceVersionDate "2007.11.25"]
[SourceQuality "1"]
[WhiteTeam "Devinska Nova Ves"]
[BlackTeam "Trencin SK"]
[WhiteTeamCountry "SVK"]
[BlackTeamCountry "SVK"]

1. e4 c5 2. Nf3 Nc6 3. d4 cxd4 4. c3 d5 5. exd5 Qxd5 6. cxd4 e6 7. Nc3 Bb4 8. Bd2 Qd8 9. Bb5 Qb6 10. d5 Bxc3 11. Bxc6+ bxc6 12. Bxc3 Nf6 13. dxe6 Bxe6 14. 0-0 Nd5 15. Bxg7 Rg8 16. Bd4 Qa6 17. Qd2 0-0-0 18. Rfc1 Kb7 19. a4 Ka8 20. b4 Qb7 21. Rab1 Ne7 22. Qc3 Bd5 23. Be5 Be4 24. Rb3 Rd3 25. Qc4 Rxf3 26. Qxe4 Rxb3 27. Bd6 Ng6 28. Re1 Qd7 29. Qc4 Rb2 30. Qc5 Rd2 0-1

[Event "SVK-chT1W 0203"]
[Site "Slovakia"]
[Date "2002.11.10"]
[Round "4.7"]
[White "Skapikova, Lubica"]
[Black "Antala, Jan"]
[Result "0-1"]
[WhiteElo "2057"]
[BlackElo "1934"]
[PlyCount "40"]
[EventDate "2002.10.12"]
[EventType "team-tourn"]
[EventRounds "11"]
[EventCountry "SVK"]
[SourceTitle "EXT 2005"]
[Source "ChessBase"]
[SourceDate "2004.11.15"]
[SourceVersion "1"]
[SourceVersionDate "2004.11.15"]
[SourceQuality "1"]
[WhiteTeam "Senica"]
[BlackTeam "Devinska Nova Ves"]
[WhiteTeamCountry "SVK"]
[BlackTeamCountry "SVK"]

1. e4 d5 2. exd5 Nf6 3. d4 Qxd5 4. Nf3 Bg4 5. Be2 Nc6 6. c3 0-0-0 7. 0-0 Qh5 8. Qc2 e5 9. dxe5 Nxe5 10. Nbd2 Bd6 11. h4 Rhe8 12. Qa4 Kb8 13. Ne4 Nxe4 14. Nxe5 Qxe5 15. f4 Bc5+ 16. Kh2 Qh5 17. Bxg4 Qxh4+ 18. Bh3 Qg3+ 19. Kh1 Nf2+ 20. Rxf2 Re1+ 0-1

[Event "SVK-chT1W 0203"]
[Site "Slovakia"]
[Date "2002.10.12"]
[Round "1.7"]
[White "Antala, Jan"]
[Black "Borik, Milan"]
[Result "1-0"]
[WhiteElo "1904"]
[BlackElo "1951"]
[PlyCount "111"]
[EventDate "2002.10.12"]
[EventType "team-tourn"]
[EventRounds "11"]
[EventCountry "SVK"]
[SourceTitle "EXT 2005"]
[Source "ChessBase"]
[SourceDate "2004.11.15"]
[SourceVersion "1"]
[SourceVersionDate "2004.11.15"]
[SourceQuality "1"]
[WhiteTeam "Devinska Nova Ves"]
[BlackTeam "Bratislava DP "]
[WhiteTeamCountry "SVK"]
[BlackTeamCountry "SVK"]

1. e4 e5 2. Nf3 Nc6 3. Bc4 Bc5 4. c3 Nf6 5. d4 exd4 6. cxd4 Bb4+ 7. Nc3 d5 8. exd5 Nxd5 9. 0-0 Bxc3 10. bxc3 0-0 11. Ng5 h6 12. Ne4 Be6 13. Qf3 Nce7 14. Bb3 Nf5 15. Ba3 Re8 16. Nc5 Nh4 17. Qg3 Qf6 18. Ne4 Qd8 19. Bc1 a5 20. Bc2 Nf5 21. Qf3 Nh4 22. Qg3 Nf5 23. Qd3 Nb6 24. Ng3 g6 25. Qd1 Nxg3 26. fxg3 Kg7 27. Qd2 Rh8 28. Qf4 a4 29. Qe5+ Kh7 30. Qh5 Qf8 31. Rf6 Qg7 32. Qf3 Nd5 33. Bxg6+ Kg8 34. Rxe6 fxe6 35. Qg4 Qf6 36. Bf5+ Kf7 37. Bd3 Qg7 38. Qh5+ Ke7 39. Ba3+ Kd7 40. Rf1 Nf6 41. Qb5+ Kc8 42. Qe5 Ne8 43. Qxe6+ Kb8 44. Rf7 Qg5 45. Rf4 Ng7 46. Qg4 Ra5 47. Qf3 Ne6 48. Rf7 Qd2 49. Bb4 Rg5 50. a3 Re8 51. h4 Rgg8 52. Bb5 c6 53. Rxb7+ Kxb7 54. Qxc6+ Ka7 55. Qa6+ Kb8 56. Bd6+ 1-0